| 000 | 004760000a22001810004500 | ||
|---|---|---|---|
| 003 | MACL | ||
| 005 | 20150823142239.0 | ||
| 008 | 150823b xxu||||| |||| 00| 0 eng d | ||
| 040 |
_aMACL _cMACL |
||
| 041 | _aEnglish | ||
| 082 | _a649/FLO | ||
| 100 |
_aFlory, Dr Vicky _97043 |
||
| 245 |
_aYours Child's Emotional Needs _bWhat they are and How to Meet Them |
||
| 260 |
_bMacmillan _c2007 _aNew Delhi |
||
| 350 | _a195 | ||
| 650 |
_aHome Economics _97044 |
||
| 942 |
_cBK _k649 _2ddc |
||
| 999 |
_c8549 _d8549 |
||